• 首页
  • 本馆介绍
  • 公告通知
  • 最新文献
  • 馆藏检索
  • 电子资源
  • 读者导购
  • 参考咨询
  • 我的图书馆
  • 登录
  • 详细信息显示
  • 放入我的书架
  • 预约/预借图书
  • 作者相关作品
  • 分类相关作品
  • 丛书相关作品
  • 出版社相关作品

书目信息

  • 表格格式
  • 工作单格式
  • 卡片格式
题名:
国家治理体系现代化与政治治理
    
 
作者: 刘少华 , 刘宏斌 , 余凯 著
分册:  
出版信息: 长沙   湖南人民出版社  2014
页数: 213页
开本: 24cm
丛书名: 湖南大学民主理论研究中心丛书
单 册:
中图分类: D630.1
科图分类:
主题词: 国家--行政管理--中国
电子资源:
ISBN: 978-7-5561-0308-9
000 00959oam2 2200277 450
001 340269
005 20150625104333.98
010    @a978-7-5561-0308-9@dCNY32.00
100    @a20150310d2014 em y0chiy50 ea
101 0  @achi
102    @aCN@b430000
105    @ay z 000yy
106    @ar
200 1  @a国家治理体系现代化与政治治理@Aguo jia zhi li ti xi xian dai hua yu zheng zhi zhi li@f刘少华, 刘宏斌, 余凯等著
210    @a长沙@c湖南人民出版社@d2014
215    @a213页@d24cm
225 1  @a湖南大学民主理论研究中心丛书
330    @a本书内容包括: 中国式治理与国家治理体系、推进国家治理体系现代话的紧迫性与必要性、国家治理体系现代化内容等。
410  0 @12001 @a湖南大学民主理论研究中心丛书
606 0  @a国家@x行政管理@y中国
690    @aD630.1@v5
701  0 @a刘少华@Aliu shao hua@f(1963-)@4著
701  0 @a刘宏斌@Aliu hong bin@f(1967-)@4著
701  0 @a余凯@Ayu kai@f(1979-)@4著
801  0 @aCN@b卓展宏图@c20150525
905    @dD630.1@e232@f4
    
    国家治理体系现代化与政治治理/刘少华, 刘宏斌, 余凯等著.-长沙:湖南人民出版社,2014
    213页;24cm.-(湖南大学民主理论研究中心丛书)
    
    
    ISBN 978-7-5561-0308-9:CNY32.00
    本书内容包括: 中国式治理与国家治理体系、推进国家治理体系现代话的紧迫性与必要性、国家治理体系现代化内容等。
●
相关链接 在E读中查询图书 在五车中查询图书 在当当中查询图书 在豆瓣中查询图书


正题名:国家治理体系现代化与政治治理     索取号:D630.1/232         预约/预借

序号 登录号 条形码 馆藏地/架位号 状态 备注
1 864998   208649989   第一样本阅览室/ [索取号:D630.1/232] 在馆    
2 864999   208649998   第一借阅区/ [索取号:D630.1/232] 在馆    
3 865000   208650002   第一借阅区/ [索取号:D630.1/232] 在馆    
4 865001   208650011   第一借阅区/ [索取号:D630.1/232] 在馆    
唐山师范学院图书馆 欢迎您!
大连网信软件有限公司© 版权所有